| 000 | 00487nam a22001937a 4500 | ||
|---|---|---|---|
| 005 | 20260530162012.0 | ||
| 008 | 260530b |||||||| |||| 00| 0 eng d | ||
| 020 |
_a9783111358536 _c2667.15 |
||
| 040 | _aMAIN | ||
| 041 | _aGerman | ||
| 082 |
_a306.44 _bGEN |
||
| 100 |
_aDiewald , Gabriele (ed) _926965 |
||
| 245 | _aGenus Sexus Gender | ||
| 260 |
_aBerlin _bDe Gruyter _c2023 |
||
| 300 | _a383 | ||
| 650 | _aGerman Language | ||
| 700 |
_aDamaris Nubling (ed) _926966 |
||
| 942 | _cBK | ||
| 999 |
_c60939 _d60939 |
||